<?xml version="1.0" encoding="UTF-8"?>
<record
    xmlns:xsi="http://www.w3.org/2001/XMLSchema-instance"
    xsi:schemaLocation="http://www.loc.gov/MARC21/slim http://www.loc.gov/standards/marcxml/schema/MARC21slim.xsd"
    xmlns="http://www.loc.gov/MARC21/slim">

  <leader>00914nam a2200229 a 4500</leader>
  <controlfield tag="001">BRCA_9040</controlfield>
  <controlfield tag="005">20190320210513.0</controlfield>
  <controlfield tag="008">160817s1772----it-#######---#000-0#lat-#</controlfield>
  <datafield tag="041" ind1=" " ind2=" ">
    <subfield code="a">lat</subfield>
  </datafield>
  <datafield tag="044" ind1=" " ind2=" ">
    <subfield code="a">it</subfield>
  </datafield>
  <datafield tag="084" ind1=" " ind2=" ">
    <subfield code="a">CO28</subfield>
    <subfield code="b">.F47 1772</subfield>
  </datafield>
  <datafield tag="100" ind1="1" ind2=" ">
    <subfield code="a">Ferraris, Lucius</subfield>
    <subfield code="d">1763</subfield>
    <subfield code="9">22407</subfield>
  </datafield>
  <datafield tag="245" ind1="1" ind2="0">
    <subfield code="a">Adm. Rev. P. F. Lucii Ferraris  prompta biblioteca canonica, jur&#xED;dica, moralis, theologica nec non asc&#xE9;tica, pol&#xE9;mica, rubricistica, hist&#xF3;rica...</subfield>
    <subfield code="b">tomus quintus : m - o.</subfield>
  </datafield>
  <datafield tag="260" ind1=" " ind2=" ">
    <subfield code="a">Venetiis</subfield>
    <subfield code="b">Apud Gasparem Storti</subfield>
    <subfield code="c">1772</subfield>
  </datafield>
  <datafield tag="300" ind1=" " ind2=" ">
    <subfield code="a">IV,  592 p. (t.5)</subfield>
    <subfield code="c">24.5 x 19.6 cm</subfield>
  </datafield>
  <datafield tag="500" ind1=" " ind2=" ">
    <subfield code="a">Superiorum permissu, ac Privilegio</subfield>
  </datafield>
  <datafield tag="500" ind1=" " ind2=" ">
    <subfield code="a">Estado f&#xED;sico: presentan encuadernaci&#xF3;n en pergamino con cintas rotas, algunas hojas manchadas y lomo semi desprendido</subfield>
  </datafield>
  <datafield tag="505" ind1="0" ind2=" ">
    <subfield code="a">Tomus quintus  M - O</subfield>
  </datafield>
  <datafield tag="650" ind1="1" ind2="4">
    <subfield code="a">Iglesia cat&#xF3;lica</subfield>
    <subfield code="v">diccionario</subfield>
    <subfield code="y">Obras anteriores a 1800</subfield>
    <subfield code="9">22408</subfield>
  </datafield>
  <datafield tag="902" ind1=" " ind2=" ">
    <subfield code="a">CFM</subfield>
  </datafield>
  <datafield tag="942" ind1=" " ind2=" ">
    <subfield code="2">lcc</subfield>
    <subfield code="c">B</subfield>
  </datafield>
  <datafield tag="999" ind1=" " ind2=" ">
    <subfield code="c">8690</subfield>
    <subfield code="d">8690</subfield>
  </datafield>
  <datafield tag="952" ind1=" " ind2=" ">
    <subfield code="0">0</subfield>
    <subfield code="1">0</subfield>
    <subfield code="4">0</subfield>
    <subfield code="7">0</subfield>
    <subfield code="a">BRCA</subfield>
    <subfield code="b">BRCA</subfield>
    <subfield code="d">2017-08-16</subfield>
    <subfield code="l">0</subfield>
    <subfield code="o">CO28 .F47 1772</subfield>
    <subfield code="p">CFM00362</subfield>
    <subfield code="r">2019-03-22 00:00:00</subfield>
    <subfield code="w">2019-03-22</subfield>
    <subfield code="y">B</subfield>
  </datafield>
</record>
